000 00362nam a22001457a 4500
003 SGT
020 _a9781032407449
082 _a155.8,ERI
100 _aEric B. Shiraev
245 _aCross-Cultural Psychology Critical Thinking and Contemporary Applications
260 _aNEW YORK
_bROUTLEDGE
_c2020
300 _a545
650 _aPSYCHOLOGY
942 _2ddc
_cBK
999 _c26676
_d26676